00888cam a22002651 45000010005000000030008000050050017000130080039000300350018000690350019000870400048001060410013001540820013001671000031001802450102002112600047003133000024003605000059003845040020004436500027004636500025004906500014005157000067005297400026005963606BD-RjUL20211208233746.0131219s1947 enk 001 0 eng a(BD-RjUL)3640 a(OCoLC)3103182 aDLCcFTSdNBrockUdOCoLCdDLCdBD-RjULbeng1 aenghger a901bWEF1 aWeber, Alfred,d1868-1958.10aFarewell to European history;bor, The conquest of nihilism.cTr. from the German by R.F.C. Hull. aLondon :bK. Paul, Trench, Trubner,c1947. axx, 204 p.;c23 cm. aTranslation of Abschied von der bisherigen Geschichte. aIncludes index. 0aCivilizationxHistory. 0aPhilosophyxHistory. 0aNihilism.1 aHull, R. F. C.q(Richard Francis Carrington),d1913-1974,etr.0 aConquest of nihilism.